| 000 | 00926cam a22002054a 4500 | ||
|---|---|---|---|
| 005 | 20250605163938.0 | ||
| 008 | 250528s ||||||||||||||||||||||||d | ||
| 035 | _a14942 | ||
| 020 | _a138545472 | ||
| 040 |
_aGR-AtMCL _bgre _dGR-AtMCL _eAACR2 |
||
| 245 | 1 | _aStructured Systems Analysis / Tools and Techniques | |
| 300 | _a244 | ||
| 520 | _aPreface, The Need for Better Tools, What the Tools are and How They Fit Together, Drawing Data Flow Diagrams, Building and Using a Data Dictionary, Analyzing and Presenting Process Logic, Defining the Contents of Data Stores, Analyzing Response Requirements, Using the Tools: A Structured Methodology, Deriving a Structured Design from the Logical Model, Introducing Structured Systems Analysis into Your Organization, Glossary, Index. | ||
| 700 | 1 |
_aGane Chris _9753 |
|
| 700 | 1 |
_aSarson Trish _9754 |
|
| 942 | _cBK | ||
| 260 | _bPrentice Hall | ||
| 999 |
_c551 _d551 |
||